| 000 | 01615cam a2200385 a 4500 | ||
|---|---|---|---|
| 001 | 1684214 | ||
| 003 | PILC | ||
| 005 | 20160119150508.0 | ||
| 008 | 990120s1999 nyua c 000 1 eng | ||
| 010 | _a 99010614 | ||
| 020 | _a0385323069 | ||
| 035 | _a(DLC) 99010614 | ||
| 040 |
_aDLC _cDLC _dDLC |
||
| 042 | _alcac | ||
| 050 | 0 | 0 |
_aPZ 7 _b.C94137Bu 2002 |
| 082 | 0 | 0 | _a[Fic] |
| 100 | 1 |
_aCurtis, Christopher Paul. _95556 |
|
| 245 | 1 | 0 |
_aBud, not buddy _cChristopher Paul Curtis |
| 260 |
_aNew York : _bDelacorte Press, _c1999. |
||
| 300 |
_aviii, 245 p. : _bill. ; _c22 cm. |
||
| 520 | _aTen-year-old Bud, a motherless boy living in Flint, Michigan, during the Great Depression, escapes a bad foster home and sets out in search of the man he believes to be his father--the renowned bandleader, H.E. Calloway of Grand Rapids. | ||
| 526 | _c950 | ||
| 650 | 1 |
_aRunaways _vFiction. _924686 |
|
| 650 | 1 |
_aAfrican Americans _vFiction. _924687 |
|
| 650 | 1 |
_aDepressions _y1929 _vFiction. _924688 |
|
| 856 | 4 | 2 |
_3Contributor biographical information _uhttp://www.loc.gov/catdir/bios/random059/99010614.html |
| 856 | 4 | 1 |
_3Sample text _uhttp://www.loc.gov/catdir/samples/random043/99010614.html |
| 856 | 4 | 2 |
_3Publisher description _uhttp://www.loc.gov/catdir/description/random048/99010614.html |
| 906 |
_a7 _bcbc _corignew _d1 _eocip _f19 _gy-gencatlg |
||
| 942 |
_2lcc _cBK |
||
| 999 |
_c33849 _d33849 |
||